|
|
|
|
| LEADER |
01997nam a22004094a 4500 |
| 001 |
32848 |
| 003 |
BD-DhAAL |
| 005 |
20211108130307.0 |
| 008 |
080604s2009 njua b 001 0 eng |
| 999 |
|
|
|c 39129
|d 39129
|
| 010 |
|
|
|a 2008024750
|
| 020 |
|
|
|a 0132350882 (pbk. : alk. paper)
|
| 020 |
|
|
|a 9780132350884
|
| 040 |
|
|
|a DLC
|c DLC
|d DLC
|d BD-DhAAL
|
| 050 |
0 |
0 |
|a QA76.76.D47
|b C583 2009
|
| 082 |
0 |
0 |
|a 005.1
|2 22
|
| 245 |
0 |
0 |
|a Clean code :
|b a handbook of agile software craftsmanship /
|c Robert C. Martin ... [et al.]
|
| 260 |
|
|
|a Upper Saddle River, NJ :
|b Prentice Hall,
|c c2009.
|
| 300 |
|
|
|a xxix, 431 pages :
|b illustrations ;
|c 24 cm.
|
| 504 |
|
|
|a Includes bibliographical references and index.
|
| 505 |
0 |
|
|a Clean code -- Meaningful names -- Functions -- Comments -- Formatting -- Objects and data structures -- Error handling -- Boundaries -- Unit tests -- Classes -- Systems -- Emergence -- Concurrency -- Successive refinement -- Junit internals -- Refactoring serialdate -- Smells and heuristics.
|
| 526 |
|
|
|a AAL
|
| 541 |
|
|
|a Karim International
|e 32848, 32849
|
| 650 |
|
0 |
|a Agile software development.
|9 25140
|
| 650 |
|
0 |
|a Computer software
|x Reliability.
|9 25141
|
| 650 |
|
0 |
|a Computer science
|9 42429
|
| 700 |
1 |
|
|a Martin, Robert C.
|9 25142
|
| 700 |
1 |
|
|a Feathers, Michael C.
|9 25143
|
| 700 |
1 |
|
|a Ottinger, Timothy R.
|9 25144
|
| 700 |
1 |
|
|a Langr, Jeffrey J.
|9 25145
|
| 700 |
1 |
|
|a Schuchert, Brett L.
|9 25146
|
| 700 |
1 |
|
|a Grenning, James W.
|9 25147
|
| 700 |
1 |
|
|a Wampler, Kevin Dean
|9 25148
|
| 852 |
|
|
|a Ayesha Abed Library
|c General Stacks
|
| 942 |
|
|
|2 ddc
|c BK
|
| 952 |
|
|
|0 0
|1 0
|2 ddc
|4 0
|6 005_100000000000000_CLE
|7 0
|9 62937
|a BRACUL
|b BRACUL
|c GEN
|d 2018-03-18
|e Karim International
|g 3945.00
|l 8
|m 86
|o 005.1 CLE
|p 3010032848
|r 2026-03-08
|s 2025-08-10
|t 1
|v 3945.00
|w 2018-03-18
|y BK
|
| 952 |
|
|
|0 0
|1 0
|2 ddc
|4 0
|6 005_100000000000000_CLE
|7 0
|9 62938
|a BRACUL
|b BRACUL
|c GEN
|d 2018-03-18
|e Karim International
|g 3945.00
|l 7
|m 93
|o 005.1 CLE
|p 3010032849
|r 2026-02-18
|s 2026-02-02
|t 2
|v 3945.00
|w 2018-03-18
|y BK
|